Els Drets dels infants : una perspectiva internacional : la Convenció de les Nacions Unides i la seva importància envers els infants / Maalfrid Grude Flekkoy una perspectiva internacional :
Publicado:
Barcelona :
Coordinadora Catalana al Servei de l'Infant, Xarxa Europea d'Atenció a la Infància de la Comissió de les Comunitats Europees, [1996?]
Descripción Física:
24 p. ; 24 cm
MARC
| LEADER | 00000nam a2200000Ia 4500 | ||
|---|---|---|---|
| 001 | 22374 | ||
| 008 | 160829s9999 xx 000 0 cat d | ||
| 080 | |a FU-54-42 | ||
| 100 | |a Grude Flekkoy, Maalfrid |9 42216 | ||
| 245 | |a Els Drets dels infants : |b una perspectiva internacional : |b la Convenció de les Nacions Unides i la seva importància envers els infants / Maalfrid Grude Flekkoy | ||
| 260 | |a Barcelona : |b Coordinadora Catalana al Servei de l'Infant, Xarxa Europea d'Atenció a la Infància de la Comissió de les Comunitats Europees, [1996?] | ||
| 300 | |a 24 p. ; |c 24 cm | ||
| 590 | |a Extret del R. 22373 (Jornada sobre transgressió a l'adolescència i joventut, orientacions per a les iniciatives locals. | ||
| 590 | |a Subvencionat per: Diputació de Barcelona. Àrea de Serveis Socials | ||
| 610 | 2 | 0 | |a Nacions Unides |9 53449 |
| 650 | |a Drets dels infants |9 42217 | ||
| 700 | |a Coordinadora Catalana al Servei de l'Infant I |9 42219 | ||
| 700 | |a Comissió de les Comunitats Europees. Xarxa Europea d'Atenció a la Infància |9 42220 | ||
| 710 | |a Barcelona (Catalunya : Província). |b Àrea de Serveis Socials |9 53159 | ||
| 901 | |a Arxiu | ||
| 942 | |n 1 | ||
| 952 | |0 0 |1 0 |4 0 |6 FU5442 |7 1 |9 50714 |a Arxiu |b Arxiu |d 2016-12-01 |l 0 |o FU-54-42 |p 22374 |r 2016-12-01 00:00:00 |w 2016-12-01 |y ARXIU | ||
| 999 | |c 54556 |d 54556 | ||